Chaotic behavior in quantum systems : theory and applications
Αποθηκεύτηκε σε:
| Συγγραφή απο Οργανισμό/Αρχή: | |
|---|---|
| Άλλοι συγγραφείς: | |
| Μορφή: | Πρακτικό Συνεδρίου Βιβλίο |
| Γλώσσα: | English |
| Δημοσίευση: |
New York :
Plenum,
c1985.
|
| Σειρά: | NATO ASI series. Physics ;
120 Series B. |
| Θέματα: | |
| Ετικέτες: |
Προσθήκη ετικέτας
Δεν υπάρχουν, Καταχωρήστε ετικέτα πρώτοι!
|
MARC
| LEADER | 00000cam a2200000 i 4500 | ||
|---|---|---|---|
| 001 | 1/29268 | ||
| 008 | 941103t1985####nyu| ||| |||| ||eng|| | ||
| 020 | |a 0306418983 | ||
| 035 | |l 10038278 | ||
| 035 | |a 1988 | ||
| 040 | |a GR-MyUA |b gre |e AACR2 | ||
| 041 | 0 | |a eng | |
| 082 | 0 | |a 530.12 | |
| 111 | 2 | |a NATO Advanced Research Workshop on Quantum Chaos: Chaotic Behavior in Quantum Systems, Theory, and Applications |d (1983 : |c Como, Italy) | |
| 245 | 1 | 0 | |a Chaotic behavior in quantum systems : |b theory and applications / |c edited by Giulio Casati. |
| 260 | |a New York : |b Plenum, |c c1985. | ||
| 300 | |a viii, 380 σ. : |b είκ. ; |c 26 εκ. | ||
| 490 | 1 | |a (NATO ASI series. Physics |v ; 120 Series B) | |
| 500 | |a Proceedings of a NATO Advanced Research Workshop on Quantum Chaos : Chaotic Behavior in Quantum Systems, Theory, and Applications, held 6/20-25/83 in Como, Italy. | ||
| 500 | |a "Published in cooperation with NATO Scientific Affairs Division." | ||
| 500 | |a Περιέχει βιβλιογραφικές αναφορές και ευρετήριο. | ||
| 650 | 0 | 0 | |a Quantum chaos |x Congresses. |
| 700 | 1 | |a Casati, Giulio, |d 1942- |e edt | |
| 830 | 0 | |a NATO ASI series. |n Series B, |p Physics ; |v 120 Series B. | |
| 852 | |a INST |b SAMOS |e 19941103 |h 530.12 NAT |p 005300000938 |q 005300000938 |t BK |y 0 | ||
| 909 | |a Σ |b 009571 | ||